000 00508nam a2200205Ia 4500
003 OSt
005 20220928151103.0
006 a|||||r|||| 00| 0
007 ta
008 220927b |||||||| |||| 00| 0 eng d
024 _a112607
037 _cTextual
040 _aSDCL
_cSDCL
_beng
041 _2eng
_aeng
082 _aO122,1M71x, 111 L1.4
100 _aVALERY
_9516451
245 0 _aDialogues
942 _hO122,1M71x, 111 L1.4
_cTEXL
_2CC
999 _c848986
_d848986